[Event "SVK-chT1W 1920"]
[Site "Slovakia"]
[Date "2020.01.25"]
[Round "7.6"]
[White "Urban, Gabor"]
[Black "Both, Lajos"]
[Result "1-0"]
[WhiteElo "1998"]
[BlackElo "1686"]
[PlyCount "93"]
[EventDate "2019.10.12"]
[EventType "team-tourn"]
[EventRounds "11"]
[EventCountry "SVK"]
[SourceTitle "CBM 194 Extra"]
[Source "ChessBase"]
[SourceDate "2020.03.31"]
[SourceVersion "1"]
[SourceVersionDate "2020.03.31"]
[SourceQuality "1"]
[WhiteTeam "Batorove Kosihy"]
[BlackTeam "Orechova Poton"]
[WhiteTeamCountry "SVK"]
[BlackTeamCountry "SVK"]

1. e4 c5 2. Nf3 Nc6 3. d4 cxd4 4. Nxd4 Nf6 5. Nc3 e5 6. Ndb5 d6 7. Bg5 Be7 8. Bxf6 gxf6 9. Nd5 0-0 10. Nxe7+ Qxe7 11. Qxd6 Qxd6 12. Nxd6 Rd8 13. Nxc8 Raxc8 14. c3 Ne7 15. g3 Kg7 16. Bh3 Rc6 17. 0-0 Rb6 18. b3 Rbd6 19. Bg4 Rd3 20. Rad1 Rxd1 21. Rxd1 Rxd1+ 22. Bxd1 f5 23. Bc2 fxe4 24. Bxe4 Nc6 25. Bxc6 bxc6 26. Kg2 f5 27. Kf3 Kf6 28. Ke3 Ke6 29. Kd3 Kd5 30. c4+ Kc5 31. Kc3 a5 32. a3 h5 33. b4+ axb4+ 34. axb4+ Kd6 35. Kd3 Ke6 36. h3 Kf6 37. Ke3 Ke6 38. f3 Kf6 39. g4 hxg4 40. hxg4 fxg4 41. fxg4 Kg5 42. Ke4 Kf6 43. g5+ Ke6 44. g6 Kf6 45. g7 Kxg7 46. Kxe5 Kf7 47. Kd6 1-0

[Event "SVK-chT1W 1920"]
[Site "Slovakia"]
[Date "2019.11.09"]
[Round "3.5"]
[White "Both, Lajos"]
[Black "Orosi, Peter"]
[Result "0-1"]
[WhiteElo "1711"]
[BlackElo "2068"]
[PlyCount "64"]
[EventDate "2019.10.12"]
[EventType "team-tourn"]
[EventRounds "11"]
[EventCountry "SVK"]
[SourceTitle "CBM 193 Extra"]
[Source "ChessBase"]
[SourceDate "2020.01.31"]
[SourceVersion "1"]
[SourceVersionDate "2020.01.31"]
[SourceQuality "1"]
[WhiteTeam "Orechova Poton"]
[BlackTeam "Bratislava Doprastav"]
[WhiteTeamCountry "SVK"]
[BlackTeamCountry "SVK"]

1. Nf3 Nf6 2. c4 c5 3. b3 g6 4. Bb2 Bg7 5. g3 Nc6 6. Bg2 0-0 7. 0-0 b6 8. Ne5 Bb7 9. Nxc6 Bxc6 10. Bxc6 dxc6 11. Qc2 Qd7 12. Kg2 Rad8 13. d3 h5 14. h4 Ng4 15. Bxg7 Kxg7 16. Nd2 f5 17. Nf3 Qd6 18. Qd2 f4 19. Rad1 Nh6 20. e4 fxe3 21. Qxe3 Rf5 22. Rfe1 Rdf8 23. Qxe7+ Qxe7 24. Rxe7+ Kg8 25. Ne5 Rxf2+ 26. Kg1 Rxa2 27. Nxg6 Rf3 28. Ne5 Rxg3+ 29. Kf1 Nf5 30. Re8+ Kg7 31. Re1 Rgg2 32. Re4 Ng3+ 0-1

[Event "Bratislava Slovan op"]
[Site "Bratislava"]
[Date "2019.05.01"]
[Round "1"]
[White "Both, Lajos"]
[Black "Sorkovsky, Miroslav"]
[Result "0-1"]
[WhiteElo "1763"]
[BlackElo "2139"]
[PlyCount "90"]
[EventDate "2019.05.01"]
[EventType "swiss"]
[EventRounds "9"]
[EventCountry "SVK"]
[SourceTitle "CBM 190 Extra"]
[Source "ChessBase"]
[SourceDate "2019.07.15"]
[SourceVersion "1"]
[SourceVersionDate "2019.07.15"]
[SourceQuality "1"]

1. Nf3 d5 2. c4 d4 3. b4 f6 4. Ba3 e5 5. e3 dxe3 6. fxe3 a5 7. b5 Bxa3 8. Nxa3 Qe7 9. Nc2 Nh6 10. Be2 0-0 11. 0-0 Re8 12. Qe1 Nd7 13. Nh4 Nc5 14. d3 Bd7 15. Rd1 c6 16. bxc6 Bxc6 17. e4 Ba4 18. Rc1 Bxc2 19. Rxc2 Red8 20. Rc3 Qd6 21. Qf2 Ra6 22. Rb1 Rb6 23. Rb5 Rxb5 24. cxb5 b6 25. Qe3 Qd7 26. Rxc5 bxc5 27. Qxc5 Qd4+ 28. Qxd4 Rxd4 29. Bd1 Rxd3 30. Bb3+ Kf8 31. Kf2 Ng4+ 32. Ke2 Re3+ 33. Kd2 Rxe4 34. Nf3 Rb4 35. Be6 Ke7 36. Bf5 Nh6 37. Bxh7 Rxb5 38. Kc3 Nf7 39. Nh4 Nd6 40. Ng6+ Ke8 41. Bg8 Rb4 42. Bd5 Ne4+ 43. Kc2 Nc5 44. Bg8 Rg4 45. Bd5 Rxg6 0-1

[Event "SVK-chT3A2 1819"]
[Site "Slovakia"]
[Date "2019.02.24"]
[Round "9.3"]
[White "Hanzluvka, Peter"]
[Black "Both, Lajos"]
[Result "1-0"]
[WhiteElo "1903"]
[BlackElo "1780"]
[PlyCount "145"]
[EventDate "2018.10.07"]
[EventType "team-tourn"]
[EventRounds "11"]
[EventCountry "SVK"]
[SourceTitle "EXT 2020"]
[Source "ChessBase"]
[SourceDate "2019.10.17"]
[SourceVersion "1"]
[SourceVersionDate "2019.10.17"]
[SourceQuality "1"]
[WhiteTeam "Senica CVC"]
[BlackTeam "Potonska Veza II"]
[WhiteTeamCountry "SVK"]
[BlackTeamCountry "SVK"]

1. e4 c5 2. Nf3 Nc6 3. d4 cxd4 4. Nxd4 Nf6 5. Nc3 e5 6. Ndb5 d6 7. Bg5 a6 8. Bxf6 gxf6 9. Na3 b5 10. Nd5 Bg7 11. c3 Ne7 12. Nxe7 Qxe7 13. Bd3 f5 14. Qf3 d5 15. Qg3 0-0 16. f3 dxe4 17. fxe4 f4 18. Qf2 f5 19. Nc2 Be6 20. 0-0 Rad8 21. Rfd1 fxe4 22. Bxe4 Bg4 23. Rxd8 Rxd8 24. Nb4 Rd6 25. Qc2 Bh6 26. h3 Bh5 27. Rf1 Bg6 28. Bxg6 hxg6 29. Qe4 Qe6 30. Re1 Bg7 31. a3 Kf7 32. Nd3 Qd5 33. Nxe5+ Bxe5 34. Qxe5 Qxe5 35. Rxe5 Kf6 36. Re2 Kf5 37. Kf2 Rd3 38. Ke1 g5 39. Rd2 Re3+ 40. Kf2 Re6 41. Rd5+ Kf6 42. Rd4 Kf5 43. a4 bxa4 44. Rxa4 Rb6 45. b4 Rc6 46. Ra5+ Kf6 47. Ra3 Kf5 48. Kf3 Re6 49. c4 Rb6 50. Ra5+ Kf6 51. b5 axb5 52. Rxb5 Rd6 53. Kg4 Rd2 54. Rf5+ Ke6 55. Rxg5 Rxg2+ 56. Kxf4 Rc2 57. Re5+ Kd6 58. Re4 Rf2+ 59. Kg5 Rg2+ 60. Kh6 Rh2 61. h4 Rg2 62. h5 Kc5 63. Kh7 Rg3 64. h6 Rg2 65. Kh8 Rg6 66. h7 Rg3 67. Re7 Kd6 68. Rg7 Re3 69. Rg4 Re7 70. Kg8 Re8+ 71. Kg7 Re7+ 72. Kh6 Re6+ 73. Rg6 1-0

[Event "SVK-chT4 A22 1819"]
[Site "Slovakia"]
[Date "2019.02.17"]
[Round "9.5"]
[White "Jancicka, Viliam"]
[Black "Both, Lajos"]
[Result "1-0"]
[WhiteElo "1611"]
[BlackElo "1810"]
[PlyCount "116"]
[EventDate "2018.10.14"]
[EventType "team-tourn"]
[EventRounds "11"]
[EventCountry "SVK"]
[SourceTitle "EXT 2020"]
[Source "ChessBase"]
[SourceDate "2019.10.17"]
[SourceVersion "1"]
[SourceVersionDate "2019.10.17"]
[SourceQuality "1"]

1. Nf3 c5 2. c4 Nf6 3. Nc3 Nc6 4. e4 d6 5. d3 g6 6. a3 Bg7 7. Bd2 0-0 8. Be2 Bd7 9. Rb1 a5 10. 0-0 h6 11. h3 Kh7 12. Nd5 Nxd5 13. exd5 Nd4 14. Nxd4 cxd4 15. f4 b5 16. b3 e6 17. Bf3 e5 18. Be4 f5 19. Bf3 a4 20. Qc1 axb3 21. Rxb3 bxc4 22. Qxc4 Rc8 23. Qb4 Be8 24. a4 Rf7 25. a5 Ra7 26. Rfb1 Rca8 27. Qb6 Qe7 28. fxe5 Bxe5 29. Rc1 g5 30. Rb2 Kg6 31. Rbc2 Ra6 32. Qc7 Bd7 33. g4 Rc8 34. gxf5+ Kf6 35. Qb7 Rca8 36. Rc7 R6a7 37. Qb4 Rxa5 38. Qb7 R5a7 39. Qb6 Rxc7 40. Rxc7 Rc8 41. Be4 Qd8 42. Ba5 Qxc7 43. Qxc7 Rxc7 44. Bxc7 Bxf5 45. Bd8+ Kg6 46. Kf2 Bxe4 47. dxe4 Kh5 48. Ba5 g4 49. Kg2 Kg5 50. Bd2+ Bf4 51. h4+ Kxh4 52. Bxf4 h5 53. Bxd6 Kg5 54. e5 d3 55. Bb4 Kf5 56. e6 Kf6 57. Kg3 Kg7 58. d6 Kf6 1-0

[Event "SVK-chT4 A22 1819"]
[Site "Slovakia"]
[Date "2018.12.02"]
[Round "4.2"]
[White "Skreko, Igor1111"]
[Black "Both, Lajos"]
[Result "1-0"]
[WhiteElo "1454"]
[BlackElo "1796"]
[PlyCount "93"]
[EventDate "2018.10.14"]
[EventType "team-tourn"]
[EventRounds "11"]
[EventCountry "SVK"]
[SourceTitle "EXT 2020"]
[Source "ChessBase"]
[SourceDate "2019.10.17"]
[SourceVersion "1"]
[SourceVersionDate "2019.10.17"]
[SourceQuality "1"]

1. c4 Nf6 2. Nc3 d5 3. cxd5 Nxd5 4. g3 g6 5. Bg2 c6 6. Nf3 Bg7 7. 0-0 0-0 8. d4 Na6 9. e4 Nxc3 10. bxc3 Nc7 11. Bb2 Bg4 12. h3 Be6 13. Nd2 Qd7 14. Kh2 f6 15. Qc2 Rad8 16. Nb3 b6 17. c4 a5 18. Rab1 a4 19. Nc1 b5 20. d5 cxd5 21. cxd5 Bf7 22. Nd3 Na6 23. Rfc1 Bh6 24. f4 Rc8 25. Qf2 g5 26. Qb6 Ra8 27. Qc6 Qxc6 28. Rxc6 gxf4 29. gxf4 Rfc8 30. Rbc1 Rxc6 31. Rxc6 Be8 32. Re6 Bf8 33. Ba3 Bd7 34. Rb6 Kf7 35. Rb7 Ke8 36. e5 Bf5 37. Nc5 Nxc5 38. Bxc5 fxe5 39. fxe5 Bd3 40. d6 Kf7 41. dxe7 Bh6 42. e8Q+ Kxe8 43. Re7+ Kd8 44. Bxa8 Be3 45. Bd6 h6 46. Bc6 Bg6 47. Rg7 1-0

[Event "SVK-chT4 A22 1819"]
[Site "Slovakia"]
[Date "2018.10.28"]
[Round "2.3"]
[White "Both, Lajos"]
[Black "Sandor, Stefan"]
[Result "1-0"]
[WhiteElo "1780"]
[BlackElo "1592"]
[PlyCount "51"]
[EventDate "2018.10.14"]
[EventType "team-tourn"]
[EventRounds "11"]
[EventCountry "SVK"]
[SourceTitle "EXT 2020"]
[Source "ChessBase"]
[SourceDate "2019.10.17"]
[SourceVersion "1"]
[SourceVersionDate "2019.10.17"]
[SourceQuality "1"]

1. Nf3 d6 2. d4 e6 3. e4 h6 4. Bd3 d5 5. e5 Nc6 6. 0-0 Nb4 7. Be2 c5 8. c3 Nc6 9. Be3 c4 10. b3 b5 11. a4 Qa5 12. Qc2 a6 13. Nbd2 b4 14. cxb4 Bxb4 15. bxc4 dxc4 16. Nxc4 Qc7 17. Rfc1 Nge7 18. Nfd2 0-0 19. Ne4 Na5 20. Qd3 Qd7 21. Nb6 Qa7 22. Nxa8 Qxa8 23. Rab1 Nd5 24. Bd1 Be7 25. Bc2 Nxe3 26. Nf6+ 1-0

[Event "SVK-chT3A2 1819"]
[Site "Slovakia"]
[Date "2018.10.07"]
[Round "1.6"]
[White "Both, Lajos"]
[Black "Harasta, Marian"]
[Result "1-0"]
[WhiteElo "1780"]
[BlackElo "1657"]
[PlyCount "147"]
[EventDate "2018.10.07"]
[EventType "team-tourn"]
[EventRounds "11"]
[EventCountry "SVK"]
[SourceTitle "EXT 2020"]
[Source "ChessBase"]
[SourceDate "2019.10.17"]
[SourceVersion "1"]
[SourceVersionDate "2019.10.17"]
[SourceQuality "1"]
[WhiteTeam "Potonska Veza II"]
[BlackTeam "Skalica II"]
[WhiteTeamCountry "SVK"]
[BlackTeamCountry "SVK"]

1. Nf3 Nc6 2. c4 e5 3. d3 Nf6 4. g3 Bb4+ 5. Nbd2 d6 6. Bg2 Bg4 7. 0-0 a6 8. h3 Bh5 9. a3 Bc5 10. b4 Ba7 11. Nh4 0-0 12. Nb3 Rb8 13. Bd2 Nd4 14. Nxd4 Bxd4 15. Rb1 b5 16. Nf5 Ba7 17. Ne3 Qd7 18. Kh2 Bg6 19. Nd5 Nxd5 20. cxd5 f5 21. Qc2 Rbe8 22. Rbc1 Rf7 23. Qc6 Qc8 24. e3 Bb6 25. Qc2 Ref8 26. f4 Re7 27. Rce1 e4 28. dxe4 fxe4 29. g4 Rfe8 30. Bc1 Bf7 31. Rd1 h5 32. g5 Qf5 33. Qd2 Ra8 34. Rfe1 a5 35. Bb2 axb4 36. axb4 Ra2 37. Re2 Re8 38. Qc3 Qg6 39. h4 Kf8 40. Bh3 Qh7 41. f5 Qg8 42. Qb3 Rea8 43. Bxg7+ Qxg7 44. Rxa2 Qe5+ 45. Kg2 Rxa2+ 46. Qxa2 Bxe3 47. g6 Bg8 48. Qa1 Qxa1 49. Rxa1 Bxd5 50. Kg3 Bd4 51. Rd1 c5 52. bxc5 dxc5 53. Kf4 e3 54. Re1 Bc3 55. Rxe3 Bd2 56. Ke5 Bxe3 57. Kxd5 c4 58. f6 Bh6 59. Bf5 c3 60. Kc5 Bf4 61. Kxb5 Be5 62. g7+ Kf7 63. Be6+ Kxe6 64. g8Q+ Kxf6 65. Qg5+ Ke6 66. Qxh5 Kd5 67. Qd1+ Ke4 68. h5 Kf5 69. Kc4 Bf6 70. Kd3 Kg5 71. Qf3 Bg7 72. Qd5+ Kh6 73. Qf5 c2 74. Qg6# 1-0

[Event "SVK-chT3A2 1718"]
[Site "Slovakia"]
[Date "2018.03.04"]
[Round "10.5"]
[White "Kir, Kvetoslav"]
[Black "Both, Lajos"]
[Result "1-0"]
[WhiteElo "1761"]
[BlackElo "1780"]
[PlyCount "141"]
[EventDate "2017.10.08"]
[EventType "team-tourn"]
[EventRounds "11"]
[EventCountry "SVK"]
[SourceTitle "EXT 2020"]
[Source "ChessBase"]
[SourceDate "2019.10.17"]
[SourceVersion "1"]
[SourceVersionDate "2019.10.17"]
[SourceQuality "1"]
[WhiteTeam "Senica SK"]
[BlackTeam "Potonska Veza II"]
[WhiteTeamCountry "SVK"]
[BlackTeamCountry "SVK"]

1. d4 Nf6 2. c4 g6 3. Nc3 d5 4. Nf3 Bg7 5. e3 0-0 6. Bd3 b6 7. 0-0 Bb7 8. b3 c5 9. Bb2 cxd4 10. exd4 Nc6 11. Qe2 Re8 12. Rfd1 Nb4 13. Bb1 Rc8 14. a3 Nc6 15. Nxd5 Nxd5 16. cxd5 Qxd5 17. Ba2 Qh5 18. b4 e6 19. b5 Ne7 20. Rac1 Nd5 21. Rxc8 Rxc8 22. Bxd5 Bxd5 23. a4 Bh6 24. h3 Bb3 25. Ra1 Bd5 26. Re1 Bxf3 27. Qxf3 Qxf3 28. gxf3 Rc4 29. d5 Rxa4 30. dxe6 fxe6 31. Rxe6 Kf7 32. Rc6 Bf4 33. Rf6+ Ke7 34. Rc6 Ra2 35. Bf6+ Kd7 36. Bd4 Ra5 37. Rf6 Bg5 38. Rf7+ Ke6 39. Rxh7 Be7 40. Rh6 Kf5 41. Rh7 Bc5 42. Bxc5 bxc5 43. Rc7 Rxb5 44. Rxa7 Rb1+ 45. Kg2 c4 46. Ra4 c3 47. Rc4 Rc1 48. f4 c2 49. Kf3 Ke6 50. Ke2 Kd5 51. Kd3 Rd1+ 52. Kxc2 Rf1 53. Kd3 Rxf2 54. Rd4+ Ke6 55. Ke4 Rh2 56. Rd3 Ra2 57. Kf3 Ra1 58. Re3+ Kf5 59. Re5+ Kf6 60. Kg4 Rg1+ 61. Kf3 Rf1+ 62. Kg3 Rg1+ 63. Kf2 Rh1 64. Kg2 Ra1 65. Re3 Kf5 66. Rf3 Ke4 67. h4 Rg1+ 68. Kxg1 Kxf3 69. h5 gxh5 70. f5 Kg4 71. f6 1-0

[Event "SVK-chT4 A22 1718"]
[Site "Slovakia"]
[Date "2018.02.25"]
[Round "10.2"]
[White "Both, Lajos"]
[Black "Jancik, Ondrej"]
[Result "1-0"]
[WhiteElo "1782"]
[BlackElo "1654"]
[PlyCount "47"]
[EventDate "2017.10.01"]
[EventType "team-tourn"]
[EventRounds "11"]
[EventCountry "SVK"]
[SourceTitle "EXT 2020"]
[Source "ChessBase"]
[SourceDate "2019.10.17"]
[SourceVersion "1"]
[SourceVersionDate "2019.10.17"]
[SourceQuality "1"]

1. Nf3 d5 2. c4 e6 3. b3 Nf6 4. Bb2 Be7 5. g3 0-0 6. Bg2 c6 7. 0-0 Bd7 8. e3 Ne4 9. Qe2 Bf6 10. d4 g6 11. Rd1 Bg7 12. Nbd2 f5 13. Ne5 Na6 14. f3 Ng5 15. h4 Nf7 16. f4 Nc7 17. Ndf3 Nd6 18. Ba3 Nce8 19. Ng5 Rf6 20. h5 Ne4 21. Bxe4 fxe4 22. hxg6 Rf5 23. gxh7+ Kh8 24. Ng6# 1-0

[Event "SVK-chT4 A22 1718"]
[Site "Slovakia"]
[Date "2018.02.11"]
[Round "9.5"]
[White "Kosar, Mikulas"]
[Black "Both, Lajos"]
[Result "1/2-1/2"]
[WhiteElo "1843"]
[BlackElo "1782"]
[PlyCount "207"]
[EventDate "2017.10.01"]
[EventType "team-tourn"]
[EventRounds "11"]
[EventCountry "SVK"]
[SourceTitle "EXT 2020"]
[Source "ChessBase"]
[SourceDate "2019.10.17"]
[SourceVersion "1"]
[SourceVersionDate "2019.10.17"]
[SourceQuality "1"]

1. d4 Nf6 2. Nf3 g6 3. Bf4 Bg7 4. e3 0-0 5. Bd3 c5 6. c3 b6 7. Nbd2 d5 8. Ne5 Bb7 9. Ndf3 Nbd7 10. h3 Nxe5 11. Nxe5 Nd7 12. Ng4 f5 13. Nh6+ Kh8 14. Bg5 Nf6 15. f4 Ne4 16. Bxe4 dxe4 17. g4 cxd4 18. cxd4 Bd5 19. Kf2 Qd7 20. b3 Bxh6 21. Bxh6 Rfc8 22. g5 Rc3 23. Rc1 Rac8 24. Rxc3 Rxc3 25. Qe2 b5 26. Rd1 Kg8 27. Qb2 b4 28. Rd2 Qc7 29. h4 Rc1 30. Re2 Qc3 31. Qd2 Qxd2 32. Rxd2 e6 33. Kg3 Bc6 34. Kg2 a5 35. Kf2 Rc3 36. Ke2 Bb5+ 37. Kf2 Bd3 38. Ke1 Bb5 39. Kf2 Bd3 40. Ke1 Rc1+ 41. Rd1 Rc3 42. Rd2 Kf7 43. Kd1 Rc7 44. Ke1 Rc3 45. Kd1 Bb1 46. Rb2 Bd3 47. Rd2 Bb5 48. d5 exd5 49. Rxd5 Rd3+ 50. Rxd3 exd3 51. Kd2 Kg8 52. Ke1 a4 53. bxa4 Bxa4 54. Kd2 Bb5 55. Kc1 Bc4 56. Kd2 Kf7 57. h5 Kg8 58. hxg6 hxg6 59. e4 fxe4 60. f5 gxf5 61. g6 Bxa2 62. Kc1 Be6 63. Kb2 b3 64. Kc3 f4 65. Bxf4 Kg7 66. Bc1 Kxg6 67. Kd2 Kf5 68. Ke3 Ke5 69. Bb2+ Kd5 70. Kd2 Kc5 71. Ke3 Bf5 72. Kd2 Kb4 73. Ke3 Bg6 74. Kd2 Bh5 75. Ke3 Bf3 76. Kd2 Bh5 77. Ke3 Bg6 78. Kd2 Kc5 79. Bc3 Kd5 80. Ke3 Ke6 81. Bh8 Kf5 82. Bc3 Kg4 83. Be5 Kh3 84. Bd4 Kg2 85. Bc3 Kf1 86. Kd2 Bh5 87. Ke3 Bf3 88. Kd2 Bh5 89. Bd4 Bg6 90. Bf6 Kg2 91. Ke3 Kg3 92. Be5+ Kg4 93. Bc3 Kf5 94. Bb2 Ke6 95. Bc3 Kd5 96. Bg7 Kc4 97. Bf6 Kb4 98. Bb2 Ka4 99. Kd2 Kb5 100. Ke3 Kc4 101. Bf6 b2 102. Bxb2 Kb3 103. Bc1 Kc2 104. Bd2 1/2-1/2

[Event "SVK-chT3A2 1617"]
[Site "Slovakia"]
[Date "2017.03.05"]
[Round "10.2"]
[White "Babirat, Michal"]
[Black "Both, Lajos"]
[Result "1-0"]
[WhiteElo "1815"]
[BlackElo "1810"]
[PlyCount "107"]
[EventDate "2016.10.16"]
[EventType "team-tourn"]
[EventRounds "11"]
[EventCountry "SVK"]
[SourceTitle "EXT 2020"]
[Source "ChessBase"]
[SourceDate "2019.10.17"]
[SourceVersion "1"]
[SourceVersionDate "2019.10.17"]
[SourceQuality "1"]
[WhiteTeam "Trnava Lokomotiva III"]
[BlackTeam "Potonska Veza II"]
[WhiteTeamCountry "SVK"]
[BlackTeamCountry "SVK"]

1. c4 c5 2. Nc3 Nc6 3. g3 Nf6 4. Bg2 g6 5. e3 Bg7 6. Nge2 0-0 7. 0-0 e5 8. b3 d6 9. d3 Be6 10. Bb2 Qd7 11. Nd5 Bh3 12. d4 Bxg2 13. Kxg2 cxd4 14. exd4 e4 15. Nef4 Nxd5 16. Nxd5 Ne7 17. Nc3 f5 18. d5 Nc8 19. Qd2 Nb6 20. Ne2 Rfe8 21. Nf4 Re7 22. Bxg7 Rxg7 23. Ne6 Re7 24. f3 exf3+ 25. Rxf3 Qc8 26. g4 fxg4 27. Rf8+ Qxf8 28. Nxf8 Rxf8 29. Rf1 Rxf1 30. Kxf1 Rf7+ 31. Kg2 Nd7 32. Qd4 h5 33. Qxa7 Ne5 34. Qa8+ Kg7 35. Qa5 Nd3 36. Qb6 Ne1+ 37. Kg1 Nf3+ 38. Kh1 Re7 39. Qf2 g5 40. a4 Rf7 41. Qb2+ Kh7 42. Qc2+ Kg7 43. Qc3+ Kg8 44. Qd3 Ne5 45. Qd4 Nd7 46. Qd2 Rg7 47. Qe2 Ne5 48. h3 gxh3 49. Qxh5 g4 50. Qh6 Nf3 51. Qxd6 g3 52. Qe6+ Kf8 53. Qc8+ Kf7 54. Qf5+ 1-0

[Event "SVK-chT3A2 1617"]
[Site "Slovakia"]
[Date "2017.02.19"]
[Round "9.5"]
[White "Capanda, Jan"]
[Black "Both, Lajos"]
[Result "1-0"]
[WhiteElo "1847"]
[BlackElo "1810"]
[PlyCount "105"]
[EventDate "2016.10.16"]
[EventType "team-tourn"]
[EventRounds "11"]
[EventCountry "SVK"]
[SourceTitle "EXT 2020"]
[Source "ChessBase"]
[SourceDate "2019.10.17"]
[SourceVersion "1"]
[SourceVersionDate "2019.10.17"]
[SourceQuality "1"]
[WhiteTeam "Modranka Komplet"]
[BlackTeam "Potonska Veza II"]
[WhiteTeamCountry "SVK"]
[BlackTeamCountry "SVK"]

1. e4 c5 2. Nf3 Nc6 3. d4 cxd4 4. Nxd4 Nf6 5. Nc3 e5 6. Nf3 Bb4 7. Bd3 Bxc3+ 8. bxc3 h6 9. 0-0 0-0 10. h3 d5 11. Nd2 dxe4 12. Nxe4 Nxe4 13. Bxe4 Qc7 14. f4 exf4 15. Bxf4 Qb6+ 16. Kh1 Be6 17. Qh5 f5 18. Bxh6 fxe4 19. Qg6 Qc7 20. Qxe6+ Kh8 21. Be3 Rae8 22. Rxf8+ Rxf8 23. Qxe4 Qf7 24. Rb1 Re8 25. Qd3 Ne5 26. Qb5 b6 27. Rf1 Qe6 28. Bd4 Nc4 29. Qg5 Qe7 30. Rf6 Ne5 31. Rf5 Qxg5 32. Rxg5 Nc6 33. Bxg7+ Kh7 34. Bd4 Re7 35. Kg1 Na5 36. Kf2 Nc4 37. a4 Na3 38. a5 Nxc2 39. axb6 Nxd4 40. bxa7 Rxa7 41. cxd4 Rd7 42. d5 Kh6 43. h4 Rd6 44. Ke3 Ra6 45. g3 Ra3+ 46. Kf4 Ra4+ 47. Ke5 Ra3 48. d6 Re3+ 49. Kf6 Rd3 50. Ke7 Re3+ 51. Kd8 Rd3 52. d7 Rd4 53. Rc5 1-0

[Event "SVK-chT4 A22 1617"]
[Site "Slovakia"]
[Date "2017.01.29"]
[Round "8.5"]
[White "Bugar, Peter"]
[Black "Both, Lajos"]
[Result "1/2-1/2"]
[WhiteElo "1942"]
[BlackElo "1792"]
[PlyCount "70"]
[EventDate "2016.10.09"]
[EventType "team-tourn"]
[EventRounds "11"]
[EventCountry "SVK"]
[SourceTitle "EXT 2020"]
[Source "ChessBase"]
[SourceDate "2019.10.17"]
[SourceVersion "1"]
[SourceVersionDate "2019.10.17"]
[SourceQuality "1"]

1. c4 c5 2. Nc3 Nc6 3. Nf3 e6 4. g3 g6 5. Bg2 Bg7 6. 0-0 Nge7 7. d3 d5 8. cxd5 exd5 9. Bg5 h6 10. Bd2 0-0 11. Rb1 Be6 12. Qc1 Kh7 13. Na4 b6 14. a3 Rc8 15. b3 Qd7 16. Rd1 Bg4 17. Bc3 Nd4 18. Bxd4 cxd4 19. Qd2 Rc7 20. Rdc1 Rfc8 21. Rxc7 Qxc7 22. h3 Be6 23. Qb4 Qc2 24. Rb2 Qc1+ 25. Kh2 Nc6 26. Qd2 Na5 27. b4 Nb7 28. Qxc1 Rxc1 29. Nd2 Nd6 30. Nb3 Rc7 31. Bf3 Nb5 32. Ra2 Nc3 33. Rc2 Rc8 34. Nb2 h5 35. a4 Kg8 1/2-1/2

[Event "SVK-chT4 A22 1617"]
[Site "Slovakia"]
[Date "2017.01.15"]
[Round "7.3"]
[White "Meszaros, Nikolas"]
[Black "Both, Lajos"]
[Result "0-1"]
[WhiteElo "1758"]
[BlackElo "1792"]
[PlyCount "80"]
[EventDate "2016.10.09"]
[EventType "team-tourn"]
[EventRounds "11"]
[EventCountry "SVK"]
[SourceTitle "EXT 2020"]
[Source "ChessBase"]
[SourceDate "2019.10.17"]
[SourceVersion "1"]
[SourceVersionDate "2019.10.17"]
[SourceQuality "1"]

1. e4 c5 2. Nf3 Nc6 3. d4 cxd4 4. Nxd4 Nf6 5. Nc3 e5 6. Nf5 d6 7. Ne3 Be6 8. Ned5 Bxd5 9. exd5 Nb8 10. Bb5+ Nbd7 11. Bg5 Be7 12. Bxf6 Bxf6 13. Ne4 Be7 14. Qg4 g6 15. Bxd7+ Qxd7 16. Qxd7+ Kxd7 17. g4 f5 18. gxf5 gxf5 19. Ng3 Raf8 20. f3 Bh4 21. Kd2 Rhg8 22. a4 Rf7 23. Ra3 Bxg3 24. hxg3 Rxg3 25. Rb3 Kd8 26. Rh6 Rg6 27. Rh4 Rg2+ 28. Kd3 Rg3 29. Ke2 Rc7 30. c3 f4 31. Rh6 Rg6 32. Rh2 Re7 33. Rb4 h6 34. Kd3 Rh7 35. Ke4 h5 36. Rh4 Rg5 37. c4 Rc7 38. Rh3 a5 39. Rb6 Rxc4+ 40. Kd3 Rd4+ 0-1

[Event "SVK-chT4 A22 1617"]
[Site "Slovakia"]
[Date "2016.12.04"]
[Round "5.4"]
[White "Both, Lajos"]
[Black "Sarmir, Milos"]
[Result "0-1"]
[WhiteElo "1794"]
[BlackElo "2028"]
[PlyCount "66"]
[EventDate "2016.10.09"]
[EventType "team-tourn"]
[EventRounds "11"]
[EventCountry "SVK"]
[SourceTitle "EXT 2020"]
[Source "ChessBase"]
[SourceDate "2019.10.17"]
[SourceVersion "1"]
[SourceVersionDate "2019.10.17"]
[SourceQuality "1"]

1. c4 Nf6 2. Nc3 g6 3. g3 Bg7 4. Bg2 c6 5. e3 d5 6. cxd5 cxd5 7. Nge2 0-0 8. 0-0 Nc6 9. a3 Bg4 10. h3 Bf5 11. g4 Bd3 12. Re1 e5 13. b4 d4 14. Na4 e4 15. Bb2 h5 16. Nf4 hxg4 17. hxg4 Ne5 18. Bxd4 Nfxg4 19. Nc5 Qh4 20. Ncxd3 exd3 21. Nh3 Rad8 22. f4 Rxd4 23. fxe5 Bxe5 24. Rc1 Bh2+ 25. Kf1 Rd6 26. Rc4 Rf6+ 27. Rf4 Bxf4 28. exf4 Rxf4+ 29. Kg1 Nf2 30. Nxf4 Nxd1 31. Rf1 Re8 32. Nd5 Re1 33. Nf6+ Qxf6 0-1

[Event "SVK-chT3A2 1617"]
[Site "Slovakia"]
[Date "2016.11.27"]
[Round "4.5"]
[White "Both, Lajos"]
[Black "Benak, Peter"]
[Result "1-0"]
[WhiteElo "1810"]
[BlackElo "1588"]
[PlyCount "97"]
[EventDate "2016.10.16"]
[EventType "team-tourn"]
[EventRounds "11"]
[EventCountry "SVK"]
[SourceTitle "EXT 2020"]
[Source "ChessBase"]
[SourceDate "2019.10.17"]
[SourceVersion "1"]
[SourceVersionDate "2019.10.17"]
[SourceQuality "1"]
[WhiteTeam "Potonska Veza II"]
[BlackTeam "Holic"]
[WhiteTeamCountry "SVK"]
[BlackTeamCountry "SVK"]

1. Nf3 Nf6 2. g3 g6 3. Bg2 Bg7 4. 0-0 0-0 5. d4 d5 6. Bf4 Nc6 7. c3 Bf5 8. h3 Re8 9. Nbd2 Ne4 10. g4 Nxd2 11. Nxd2 Bc8 12. e4 e6 13. e5 b6 14. Nf3 Ba6 15. Re1 Na5 16. Qa4 Bd3 17. Nd2 c5 18. Re3 b5 19. Qd1 c4 20. g5 Nc6 21. h4 Ne7 22. Bh3 a5 23. Nf3 Qd7 24. Nh2 b4 25. Ng4 bxc3 26. bxc3 Qb5 27. Nf6+ Bxf6 28. gxf6 Nc6 29. h5 Qb2 30. hxg6 hxg6 31. Bh6 Qxc3 32. Bf1 Qxd4 33. Bxd3 cxd3 34. Bg7 Qh4 35. Qf3 Nd4 36. Qg3 Nf5 37. Qxh4 Nxh4 38. Rh3 g5 39. Bh6 Kh7 40. Bxg5 Kg6 41. Bxh4 Kf5 42. Bg3 Rac8 43. Rd1 Rc2 44. Rxd3 Rxa2 45. Kg2 Rc8 46. Rf3+ Kg5 47. Rh7 Rc7 48. Rg7+ Kh5 49. Bf4 1-0

[Event "SVK-chT4 A22 1617"]
[Site "Slovakia"]
[Date "2016.11.20"]
[Round "4.3"]
[White "Both, Lajos"]
[Black "Holicky, Miroslav"]
[Result "1/2-1/2"]
[WhiteElo "1808"]
[BlackElo "1762"]
[PlyCount "80"]
[EventDate "2016.10.09"]
[EventType "team-tourn"]
[EventRounds "11"]
[EventCountry "SVK"]
[SourceTitle "EXT 2020"]
[Source "ChessBase"]
[SourceDate "2019.10.17"]
[SourceVersion "1"]
[SourceVersionDate "2019.10.17"]
[SourceQuality "1"]

1. e4 d5 2. exd5 Qxd5 3. Nc3 Qd8 4. d4 Nf6 5. Nf3 c6 6. h3 Bf5 7. Bf4 e6 8. a3 Be7 9. Nh4 Bg6 10. Nxg6 hxg6 11. Bc4 Nbd7 12. Qd3 Nb6 13. Ba2 Nbd5 14. Nxd5 Nxd5 15. Bg3 b5 16. c4 bxc4 17. Qxc4 Qb6 18. 0-0 0-0 19. Rab1 a5 20. Bb3 Rfc8 21. Qd3 Rd8 22. Bc2 Bf6 23. Rfd1 Rac8 24. Qe4 c5 25. dxc5 Rxc5 26. Rd3 Rb5 27. Be5 Rc8 28. Ba4 Bxe5 29. Qxe5 Rbc5 30. Rb3 Qa7 31. Rf3 Rc1+ 32. Rxc1 Rxc1+ 33. Kh2 Qc7 34. Qxc7 Rxc7 35. Rb3 Kf8 36. Rb5 Ra7 37. Bb3 Nf6 38. Bd1 Ke7 39. Bf3 Kd6 40. Kg3 Nd7 1/2-1/2